กล้าเปลี่ยนแปลง 2 (Record no. 37596)
[ view plain ]
| 000 -LEADER | |
|---|---|
| fixed length control field | 02200nam a22002297a 4500 |
| 003 - CONTROL NUMBER IDENTIFIER | |
| control field | TH-BaNU |
| 005 - DATE AND TIME OF LATEST TRANSACTION | |
| control field | 20230403123355.0 |
| 008 - FIXED-LENGTH DATA ELEMENTS--GENERAL INFORMATION | |
| fixed length control field | 230403b2019 TH ||||| |||| 00| 0 tha d |
| 020 ## - INTERNATIONAL STANDARD BOOK NUMBER | |
| International Standard Book Number | 9786160837311 |
| 040 ## - CATALOGING SOURCE | |
| Original cataloging agency | TH-BaNU |
| 100 ## - MAIN ENTRY--PERSONAL NAME | |
| Personal name | ณรงค์วิทย์ แสนทอง |
| 245 ## - TITLE STATEMENT | |
| Title | กล้าเปลี่ยนแปลง 2 |
| 260 ## - PUBLICATION, DISTRIBUTION, ETC. | |
| Place of publication, distribution, etc. | กรุงเทพฯ: |
| Name of publisher, distributor, etc. | ซีเอ็ดยูเคชั่น: |
| Date of publication, distribution, etc. | 2562 |
| 300 ## - PHYSICAL DESCRIPTION | |
| Extent | 194 หน้า |
| 520 ## - SUMMARY, ETC. | |
| Summary, etc. | หนังสือเล่มนี้เป็นเล่มต่อของ "กล้าเปลี่ยนแปลง" เล่มแรกที่เขียนไว้ตั้งแต่ปี 2545 ซึ่งเป็นหนังสือขายดี นักเขียนจึงได้รวบรวมประสบการณ์ในการพัฒนาตัวเอง และการเป็นที่ปรึกษาที่ผ่านมา จนกลายมาเป็นหนังสือ "กล้าเปลี่ยนแปลง 2" เล่มนี้ ซึ่งได้รวบรวมกลเม็ดเคล็ดลับต่างๆ ที่จะทำให้เรากล้ากระโดดข้ามความกลัวไปสู่ความสำเร็จอย่างที่ต้องการได้ เพราะคนธรรมดาอย่างเราก็ประสบความสำเร็จในชีวิตได้ไม่ยาก หากเรากำหนดคำนิยามความสำเร็จในแบบฉบับของเราได้ จงเชื่อว่าทุกความสำเร็จ เริ่มต้นที่การกล้าเปลี่ยนแปลงตัวเองเสมอ |
| 650 ## - SUBJECT ADDED ENTRY--TOPICAL TERM | |
| Topical term or geographic name entry element | การพัฒนาตนเอง |
| 650 ## - SUBJECT ADDED ENTRY--TOPICAL TERM | |
| Topical term or geographic name entry element | ความตระหนักในศักยภาพตน |
| 850 ## - HOLDING INSTITUTION | |
| Holding institution | Kuakarun Nursing Library |
| 856 ## - ELECTRONIC LOCATION AND ACCESS | |
| Uniform Resource Identifier | <a href="https://se-ed.belibcloud.com/book-detail/18056">https://se-ed.belibcloud.com/book-detail/18056</a> |
| Link text | se-ed e-library |
| 942 ## - ADDED ENTRY ELEMENTS (KOHA) | |
| Source of classification or shelving scheme | Local Classification |
| Koha item type | Electronic books |
| 998 ## - STAFF NAME (NMU) | |
| Cataloger | bee |
| Withdrawn status | Lost status | Source of classification or shelving scheme | Damaged status | Not for loan | Home library | Current library | Shelving location | Date acquired | Total Checkouts | Barcode | Date last seen | Price effective from | Koha item type |
|---|---|---|---|---|---|---|---|---|---|---|---|---|---|
| Local Classification | Online Access | Kuakarun Nursing Library | Kuakarun Nursing Library | Processing unit | 03/04/2023 | eb37596 | 03/04/2023 | 03/04/2023 | Electronic books |
